[Event "16th 4NCL Congress"]
[Site "Coventry"]
[Date "2017.11.04"]
[Round "3"]
[Board "5"]
[White "Willow, Jonah B"]
[Black "Turner, Matthew J"]
[Result "0-1"]
[WhiteElo "2144"]
[BlackElo "2545"]
[PlyCount "88"]
[EventDate "2017.11.03"]
[EventRounds "5"]
[EventCountry "ENG"]

1. e4 e5 2. Nf3 Nc6 3. Nc3 Nf6 4. Bb5 Bb4 5. O-O O-O 6. d3 d6 7. Bg5 Bxc3 8.
bxc3 Qe7 9. Re1 Nd8 10. d4 Ne6 11. Bc1 c5 12. Bf1 Rd8 13. a4 Nf8 14. h3 Bd7 15.
Bb5 Ng6 16. Bxd7 Nxd7 17. d5 h6 18. Nh2 Nf6 19. Nf1 Kh7 20. c4 Nd7 21. Ne3 Rac8
22. Nf5 Qf6 23. Ra3 Ne7 24. Ne3 Qg6 25. Qf3 Nf6 26. Nf5 Nxf5 27. exf5 Qh5 28.
g4 Qh4 29. Rb3 Rc7 30. Qg2 Ng8 31. g5 Qxc4 32. gxh6 g6 33. Bg5 Re8 34. Rg3 Qxc2
35. Re4 c4 36. Bf6 Nxf6 37. Rxg6 Qc1+ 38. Kh2 Nxe4 39. Rg7+ Kxh6 40. Rg6+ Kh7
41. Rg7+ Kh8 42. Rg4 Nf6 43. Rh4+ Nh7 44. f6 Rg8 0-1

[Event "16th 4NCL Congress"]
[Site "Coventry"]
[Date "2017.11.04"]
[Round "3"]
[Board "6"]
[White "Han, Yichen"]
[Black "Roberson, Peter T"]
[Result "0-1"]
[WhiteElo "1835"]
[BlackElo "2403"]
[PlyCount "72"]
[EventDate "2017.11.03"]
[EventRounds "5"]
[EventCountry "ENG"]

1. e4 e6 2. d4 d5 3. exd5 exd5 4. Nf3 Nf6 5. Bd3 c5 6. dxc5 Bxc5 7. O-O O-O 8.
Bg5 Nc6 9. Nbd2 Bg4 10. c3 Re8 11. Qb1 h6 12. Bh4 Qd6 13. Bf5 Qf4 14. Bxg4 Nxg4
15. Bg3 Qf6 16. Re1 Nge5 17. Nxe5 Nxe5 18. Nb3 Bb6 19. Qd1 Nc4 20. Qc2 h5 21.
h4 Re6 22. Nd2 Rae8 23. Rxe6 Qxe6 24. Nxc4 dxc4 25. Kf1 Qg4 26. Re1 Rxe1+ 27.
Kxe1 Bc5 28. Kf1 a6 29. Qe2 Qf5 30. Qxc4 Qb1+ 31. Ke2 Qxb2+ 32. Kf3 Qb6 33. Qd5
Qf6+ 34. Ke2 Qxc3 35. Qd8+ Bf8 36. Bd6 Qc4+ 0-1

[Event "16th 4NCL Congress"]
[Site "Coventry"]
[Date "2017.11.04"]
[Round "3"]
[Board "7"]
[White "Arakhamia-Grant, Ketevan E"]
[Black "Mason, Donald J"]
[Result "1/2-1/2"]
[WhiteElo "2369"]
[BlackElo "2125"]
[PlyCount "116"]
[EventDate "2017.11.03"]
[EventRounds "5"]
[EventCountry "ENG"]

1. e4 e6 2. d4 d5 3. Nc3 Bb4 4. e5 c5 5. a3 Bxc3+ 6. bxc3 Ne7 7. a4 Qa5 8. Bd2
Nbc6 9. Nf3 Bd7 10. Be2 f6 11. O-O O-O-O 12. Re1 fxe5 13. Nxe5 Nxe5 14. dxe5
Rhf8 15. c4 Qc7 16. Bg5 Rde8 17. cxd5 Nxd5 18. Bh5 g6 19. Bf3 Rf5 20. Bh4 Bc6
21. Ra3 Rf4 22. Bg3 Rd4 23. Qc1 Qa5 24. h4 Rxa4 25. Rxa4 Qxa4 26. Qh6 Nb4 27.
Bxc6 Nxc6 28. Qxh7 Qxc2 29. h5 Re7 30. Qg8+ Kc7 31. hxg6 Qd2 32. Re4 Qd1+ 33.
Kh2 Qd8 34. Qxd8+ Nxd8 35. Bh4 Rg7 36. Rg4 b5 37. Bf6 Rg8 38. Be7 c4 39. g7 Nc6
40. Bd6+ Kd7 41. f4 a5 42. Bf8 c3 43. Rg3 b4 44. Rd3+ Kc7 45. Rd1 c2 46. Rc1 b3
47. Ba3 Rxg7 48. Ra1 Kb6 49. Bb2 Kb5 50. Rf1 Nb4 51. Rf3 Rc7 52. Rxb3 c1=Q 53.
Bxc1 Rxc1 54. g4 a4 55. Rf3 Nd5 56. f5 exf5 57. gxf5 Kb4 58. f6 Nxf6 1/2-1/2

[Event "16th 4NCL Congress"]
[Site "Coventry"]
[Date "2017.11.04"]
[Round "3"]
[Board "8"]
[White "Varney, Zoe"]
[Black "Richardson, John R"]
[Result "0-1"]
[WhiteElo "2042"]
[BlackElo "2252"]
[PlyCount "82"]
[EventDate "2017.11.03"]
[EventRounds "5"]
[EventCountry "ENG"]

1. e4 c6 2. c4 d5 3. exd5 cxd5 4. cxd5 Nf6 5. Nc3 Nxd5 6. Nf3 Nc6 7. Bb5 e6 8.
O-O Be7 9. d4 O-O 10. a3 Bd7 11. Nxd5 exd5 12. Bd3 Bf6 13. h3 Qb6 14. Be3 Qxb2
15. Rb1 Qxa3 16. Rxb7 Qd6 17. Qd2 Be6 18. Rc1 Rfc8 19. Bf4 Qf8 20. Bb1 Nxd4 21.
Nxd4 Rxc1+ 22. Qxc1 Bxd4 23. Qc2 g6 24. Qd2 Bg7 25. Qa5 a6 26. Bd3 h6 27. Rb6
Qd8 28. Qc5 a5 29. Bc7 Qf6 30. Qc6 Rc8 31. Ba6 Qa1+ 32. Kh2 Rxc7 33. Rb8+ Kh7
34. Qe8 h5 35. g4 Qe5+ 36. Kg2 Qe4+ 37. Kg3 Be5+ 38. Kh4 g5+ 39. Kxg5 Qf4+ 40.
Kh4 Bf6+ 41. Kxh5 Qh6# 0-1

[Event "16th 4NCL Congress"]
[Site "Coventry"]
[Date "2017.11.04"]
[Round "3"]
[Board "9"]
[White "Adair, James R"]
[Black "Yoon, Jacob D"]
[Result "1-0"]
[WhiteElo "2479"]
[BlackElo "2009"]
[PlyCount "87"]
[EventDate "2017.11.03"]
[EventRounds "5"]
[EventCountry "ENG"]

1. e4 c5 2. Nf3 e6 3. d4 cxd4 4. Nxd4 a6 5. Bd3 Nc6 6. Nxc6 dxc6 7. Nd2 e5 8.
Nc4 Bc5 9. Qh5 Bb4+ 10. Bd2 Bxd2+ 11. Kxd2 Ne7 12. Qxe5 O-O 13. Qd6 Be6 14.
Qxd8 Rfxd8 15. Ne3 c5 16. Kc3 b5 17. b3 Rab8 18. Rhd1 Nc6 19. Bf1 Nd4 20. Kb2
c4 21. c3 Nc6 22. bxc4 bxc4+ 23. Kc2 Ne5 24. Rd4 Nd3 25. Bxd3 cxd3+ 26. Kxd3
Rxd4+ 27. cxd4 Rb2 28. d5 Bd7 29. Nd1 Bb5+ 30. Kc3 Re2 31. a4 Bd7 32. Kd3 Re1
33. Kd4 f6 34. a5 Bb5 35. Rb1 Kf8 36. Nc3 Rxb1 37. Nxb1 Ke7 38. Nd2 g5 39. e5
fxe5+ 40. Kxe5 h6 41. Ne4 Bf1 42. g3 Bg2 43. Nc5 Kd8 44. Nxa6 1-0

[Event "16th 4NCL Congress"]
[Site "Coventry"]
[Date "2017.11.04"]
[Round "3"]
[Board "10"]
[White "Burrows, Martin P"]
[Black "Hebden, Mark L"]
[Result "0-1"]
[WhiteElo "2085"]
[BlackElo "2460"]
[PlyCount "94"]
[EventDate "2017.11.03"]
[EventRounds "5"]
[EventCountry "ENG"]

1. e4 e5 2. Nf3 Nc6 3. Bb5 a6 4. Ba4 Nf6 5. O-O Be7 6. Re1 b5 7. Bb3 O-O 8. h3
Bb7 9. d3 d6 10. a3 Na5 11. Ba2 c5 12. Nbd2 Rb8 13. Nf1 b4 14. axb4 cxb4 15.
Bd2 Nc6 16. Ne3 a5 17. Bc4 Bc8 18. Nd5 Be6 19. c3 Kh8 20. Qa4 Bd7 21. Nxe7 Qxe7
22. Qc2 Be6 23. Bxe6 Qxe6 24. d4 exd4 25. Nxd4 Nxd4 26. cxd4 Rfc8 27. Qd3 Qc4
28. Qxc4 Rxc4 29. e5 dxe5 30. dxe5 Ne4 31. Be3 Rb5 32. Red1 h6 33. Rd7 Kg8 34.
Bd4 Ng5 35. f4 Ne6 36. Be3 Nxf4 37. Bxf4 Rxf4 38. e6 fxe6 39. Rc1 a4 40. Rcc7
Rg5 41. Ra7 b3 42. Re7 Rc4 43. Rxe6 Rc2 44. Re8+ Kh7 45. Re4 Rgxg2+ 46. Kf1
Rcf2+ 47. Ke1 Rxb2 0-1

[Event "16th 4NCL Congress"]
[Site "Coventry"]
[Date "2017.11.04"]
[Round "3"]
[Board "11"]
[White "Greet, Andrew N"]
[Black "Lentzos, Ioannis"]
[Result "1-0"]
[WhiteElo "2460"]
[BlackElo "2021"]
[PlyCount "67"]
[EventDate "2017.11.03"]
[EventRounds "5"]
[EventCountry "ENG"]

1. d4 Nf6 2. c4 e6 3. g3 d5 4. Nf3 Be7 5. Bg2 O-O 6. O-O dxc4 7. Qc2 a6 8. a4
Bd7 9. Qxc4 Bc6 10. Bf4 a5 11. Nc3 Na6 12. Rac1 h6 13. Rfd1 Bd6 14. Ne5 Bxg2
15. Kxg2 c6 16. e4 Nb4 17. f3 Qe7 18. Be3 Rfd8 19. Nd3 Nxd3 20. Rxd3 Bc7 21.
Ne2 Ne8 22. Rb3 Nd6 23. Qc5 Rab8 24. Nf4 Nc8 25. Nd3 Qxc5 26. Nxc5 Nb6 27. h4
Kf8 28. Kf2 Ke7 29. Bf4 Bxf4 30. gxf4 Nc8 31. Na6 Ra8 32. Rxb7+ Kf8 33. Rxc6
Ne7 34. Rcc7 1-0

[Event "16th 4NCL Congress"]
[Site "Coventry"]
[Date "2017.11.04"]
[Round "3"]
[Board "12"]
[White "Okhai, Shabir"]
[Black "Grieve, Harry"]
[Result "0-1"]
[WhiteElo "2075"]
[BlackElo "2221"]
[PlyCount "106"]
[EventDate "2017.11.03"]
[EventRounds "5"]
[EventCountry "ENG"]

1. e4 d6 2. d4 Nf6 3. Nc3 Nbd7 4. Nf3 e5 5. Bc4 Be7 6. Qe2 c6 7. a3 h6 8. Ba2
Qc7 9. Nd1 Nf8 10. c3 Ng6 11. Bb1 O-O 12. Ne3 Re8 13. O-O Bf8 14. d5 cxd5 15.
Nxd5 Nxd5 16. exd5 f5 17. c4 Be7 18. Be3 Bf6 19. Ra2 Bd7 20. Ne1 e4 21. f4 exf3
22. Nxf3 Ne5 23. Nxe5 Rxe5 24. Qd3 Rxe3 25. Qxe3 Qxc4 26. Qf3 Bb5 27. Re1 Qd4+
28. Kh1 Qd2 29. Qd1 Qxd1 30. Rxd1 Bc4 31. Rd2 Bxa2 32. Bxa2 Rc8 33. g3 g6 34.
Kg2 Kg7 35. Kf3 Be5 36. Ke3 Kf6 37. Kd3 h5 38. Bc4 a6 39. a4 Rc5 40. b4 Rc7 41.
b5 a5 42. Rc2 b6 43. Ke3 Rc5 44. Kd3 Kg5 45. Ke3 Rc7 46. Bd3 Rxc2 47. Bxc2 Kg4
48. Kf2 Kh3 49. Kg1 Bxg3 50. hxg3 Kxg3 51. Kf1 Kh2 52. Kf2 g5 53. Bxf5 g4 0-1

[Event "16th 4NCL Congress"]
[Site "Coventry"]
[Date "2017.11.04"]
[Round "3"]
[Board "13"]
[White "Hand, Freddie"]
[Black "Akeya-Price, Robert A"]
[Result "1/2-1/2"]
[WhiteElo "2192"]
[BlackElo "1686"]
[PlyCount "109"]
[EventDate "2017.11.03"]
[EventRounds "5"]
[EventCountry "ENG"]

1. d4 Nf6 2. c4 e6 3. Nc3 Bb4 4. e3 b6 5. Nge2 Bb7 6. a3 Bxc3+ 7. Nxc3 d5 8.
cxd5 Nxd5 9. Bd3 c5 10. O-O O-O 11. Qc2 Nf6 12. dxc5 bxc5 13. Rd1 Qe7 14. Ne4
Nxe4 15. Bxe4 Bxe4 16. Qxe4 Na6 17. Bd2 Rfd8 18. Ba5 Rxd1+ 19. Rxd1 Rc8 20. Qd3
c4 21. Qd7 Qc5 22. Bc3 Qc7 23. Be5 Qxd7 24. Rxd7 f6 25. Rxa7 Nc5 26. Bc3 Rd8
27. Kf1 Ne4 28. Ra4 Rc8 29. Ke2 Rc7 30. Ba5 Rc6 31. b3 Nd6 32. bxc4 Nxc4 33.
Bb4 Rc7 34. Ra8+ Kf7 35. a4 Nb6 36. Rf8+ Kg6 37. Ba5 Rb7 38. Bxb6 Rxb6 39. Rd8
Rb2+ 40. Rd2 Rb7 41. Ra2 Kf5 42. Kd3 Ke5 43. Kc4 Kd6 44. a5 Kc6 45. h4 f5 46.
a6 Ra7 47. Kd4 Kd6 48. f4 g6 49. g3 h5 50. Ra3 Kc6 51. Ke5 Kd7 52. Kf6 Kd6 53.
Kxg6 Ke7 54. Kxh5 Kf6 55. Kh6 1/2-1/2

[Event "16th 4NCL Congress"]
[Site "Coventry"]
[Date "2017.11.04"]
[Round "3"]
[Board "14"]
[White "Moore, Gerald"]
[Black "Hynes, Am (tony)"]
[Result "1/2-1/2"]
[WhiteElo "2071"]
[BlackElo "2150"]
[PlyCount "59"]
[EventDate "2017.11.03"]
[EventRounds "5"]
[EventCountry "ENG"]

1. Nf3 Nf6 2. c4 g6 3. Nc3 Bg7 4. e4 d6 5. d4 O-O 6. Be2 e5 7. d5 a5 8. Bg5 h6
9. Bh4 Na6 10. Nd2 Qe8 11. O-O Nh7 12. a3 Bd7 13. Kh1 a4 14. Nb5 h5 15. f3 Bh6
16. Qc2 b6 17. Rae1 f5 18. exf5 gxf5 19. Bd3 Qf7 20. b4 axb3 21. Nxb3 Bxb5 22.
cxb5 Nc5 23. Nxc5 bxc5 24. a4 Kh8 25. Bc4 Qg6 26. Bd3 Rf7 27. Ra1 Bg7 28. Rae1
Bh6 29. Ra1 Bg7 30. Rae1 1/2-1/2

[Event "16th 4NCL Congress"]
[Site "Coventry"]
[Date "2017.11.04"]
[Round "3"]
[Board "15"]
[White "Rushbrooke, Remy"]
[Black "Lam, Paul Gm"]
[Result "0-1"]
[WhiteElo "1788"]
[BlackElo "2117"]
[PlyCount "58"]
[EventDate "2017.11.03"]
[EventRounds "5"]
[EventCountry "ENG"]

1. Nf3 Nc6 2. d4 d6 3. e4 Nf6 4. Nc3 Bg4 5. Be2 e6 6. O-O Be7 7. h3 Bh5 8. Be3
d5 9. e5 Nd7 10. Nh2 Bg6 11. f4 Nb4 12. Rc1 c5 13. g4 cxd4 14. Bxd4 Nc6 15. Kh1
Nxd4 16. Qxd4 f6 17. Rcd1 Bf7 18. Nf3 O-O 19. b4 Rc8 20. Bd3 Qb6 21. Qxb6 Nxb6
22. Ne2 Nc4 23. Rb1 fxe5 24. fxe5 Ne3 25. Rfc1 Bd8 26. Ned4 Be8 27. Rb3 Nc4 28.
Rf1 Bd7 29. h4 29... Ne3 {
Unable to reconstruct remaining moves. Black won in 34 moves.} 0-1

[Event "16th 4NCL Congress"]
[Site "Coventry"]
[Date "2017.11.04"]
[Round "3"]
[Board "16"]
[White "Kapoor, Gurveen"]
[Black "Longson, Sarah N"]
[Result "0-1"]
[WhiteElo "1787"]
[BlackElo "2102"]
[PlyCount "80"]
[EventDate "2017.11.03"]
[EventRounds "5"]
[EventCountry "ENG"]

1. d4 d5 2. Nc3 Nf6 3. Bf4 c5 4. e3 Bf5 5. Bd3 Bxd3 6. Qxd3 Nc6 7. h3 e6 8. Nf3
c4 9. Qe2 Bb4 10. O-O Bxc3 11. bxc3 Ne4 12. Qe1 Qa5 13. Nd2 Nxc3 14. a4 Nxa4
15. e4 O-O 16. Qe3 b5 17. e5 Qc3 18. Nf3 Qxe3 19. fxe3 Nb4 20. Rf2 h6 21. g4 a5
22. h4 Nc3 23. h5 a4 24. g5 Ne4 25. Rg2 hxg5 26. Nxg5 Kh8 27. h6 gxh6 28. Nxe4
dxe4 29. Bxh6 Rg8 30. Bg5 Nd5 31. Kf2 Rg7 32. Rh1+ Rh7 33. Bh6 Rg8 34. Rgh2 Rg6
35. c3 Kg8 36. Rg1 Rxg1 37. Kxg1 Nxc3 38. Rg2+ Kh8 39. Bf8 Nd5 40. Kf2 Rh3 0-1

[Event "16th 4NCL Congress"]
[Site "Coventry"]
[Date "2017.11.04"]
[Round "3"]
[Board "17"]
[White "Patel, Devan"]
[Black "White, Stuart A"]
[Result "1/2-1/2"]
[WhiteElo "1560"]
[BlackElo "2098"]
[PlyCount "78"]
[EventDate "2017.11.03"]
[EventRounds "5"]
[EventCountry "ENG"]

1. d4 d5 2. Nf3 Nf6 3. Bf4 c5 4. e3 Nc6 5. Nbd2 Qb6 6. dxc5 Qxb2 7. Nb3 Qc3+ 8.
Qd2 Qxd2+ 9. Nfxd2 Nh5 10. Bg5 h6 11. Bh4 g5 12. Be2 Ng7 13. Bg3 Nf5 14. O-O h5
15. Bb5 Bg7 16. Rac1 Bd7 17. c4 d4 18. exd4 Ncxd4 19. Nxd4 Nxd4 20. Bxd7+ Kxd7
21. Rfe1 Ne6 22. Nb3 Rac8 23. Rcd1+ Ke8 24. h3 Bf6 25. Be5 Rh6 26. Rd5 Bxe5 27.
Rdxe5 Kf8 28. R1e4 Kg7 29. Nd4 Nxd4 30. Rxd4 Kf6 31. Red5 e6 32. Rd7 Rxc5 33.
Rxb7 Ke5 34. Rdd7 Rxc4 35. Rxf7 a6 36. Rb6 Ra4 37. Ra7 Rxa2 38. Rbxa6 Rxa6 39.
Rxa6 Rh8 1/2-1/2

[Event "16th 4NCL Congress"]
[Site "Coventry"]
[Date "2017.11.04"]
[Round "3"]
[Board "18"]
[White "Jarmany, John"]
[Black "Ther, Mate"]
[Result "1-0"]
[WhiteElo "2095"]
[BlackElo "1549"]
[PlyCount "81"]
[EventDate "2017.11.03"]
[EventRounds "5"]
[EventCountry "ENG"]

1. d4 Nf6 2. Nf3 e6 3. e3 Bb4+ 4. c3 Be7 5. Bd3 c5 6. O-O Nc6 7. Nbd2 d5 8. Qe2
O-O 9. Ne5 Nxe5 10. dxe5 Nd7 11. f4 Nb6 12. Nf3 f6 13. Bd2 Bd7 14. Rad1 Bc6 15.
Be1 f5 16. Bf2 Rc8 17. h3 Rf7 18. Kh2 g6 19. Rg1 h6 20. g4 Kh7 21. Rg3 Qc7 22.
gxf5 exf5 23. Rdg1 Rg8 24. e6 Rf6 25. Nh4 Rxe6 26. Nxf5 c4 27. Bb1 Qxf4 28. Nd4
Qd6 29. Nxe6 Bh4 30. Nf4 Bxg3+ 31. Bxg3 Qe7 32. Qg4 Be8 33. Bf2 Qf6 34. Bh4 Qd6
35. Kh1 Nd7 36. Qf3 Ne5 37. Qf2 Kh8 38. Bg3 Qd8 39. Ne6 Qe7 40. Bxe5+ Kh7 41.
Qf6 1-0

[Event "16th 4NCL Congress"]
[Site "Coventry"]
[Date "2017.11.04"]
[Round "3"]
[Board "19"]
[White "Gonem, Sherif"]
[Black "Roe, Simon J"]
[Result "0-1"]
[WhiteElo "1785"]
[BlackElo "2235"]
[PlyCount "76"]
[EventDate "2017.11.03"]
[EventRounds "5"]
[EventCountry "ENG"]

1. d4 Nf6 2. c4 c5 3. d5 e5 4. Nc3 d6 5. e4 Be7 6. Nf3 Nbd7 7. Be2 Nf8 8. O-O
Ng6 9. g3 O-O 10. Re1 h6 11. Bf1 Nh7 12. Bg2 Bg4 13. h3 Bd7 14. Be3 Ng5 15. Kh2
Nxf3+ 16. Bxf3 a6 17. a4 Bg5 18. Bg4 Bxe3 19. Rxe3 Ne7 20. Bxd7 Qxd7 21. f4 f5
22. fxe5 dxe5 23. Qe2 f4 24. Rf3 Ng6 25. Rg1 Rf7 26. Qd2 Raf8 27. gxf4 Nxf4 28.
Qe3 Qd6 29. Ne2 Kh8 30. Nxf4 Rxf4 31. Rxf4 Rxf4 32. Rg4 Rf7 33. Qg3 Qf6 34. Qg2
h5 35. Rg5 Qf4+ 36. Qg3 Qd2+ 37. Kg1 Qd1+ 38. Kh2 Qe2+ 0-1

[Event "16th 4NCL Congress"]
[Site "Coventry"]
[Date "2017.11.04"]
[Round "3"]
[Board "20"]
[White "Modi, Shyam Jagdish"]
[Black "Asenov, Pavel"]
[Result "1/2-1/2"]
[WhiteElo "1938"]
[BlackElo "2197"]
[PlyCount "62"]
[EventDate "2017.11.03"]
[EventRounds "5"]
[EventCountry "ENG"]

1. d4 Nf6 2. c4 g6 3. Nf3 Bg7 4. g3 O-O 5. Bg2 d6 6. O-O Nc6 7. Nc3 a6 8. Qd3
Nd7 9. Be3 e5 10. Qd2 exd4 11. Nxd4 Nxd4 12. Bxd4 Ne5 13. b3 Rb8 14. Ba7 Ra8
15. Bd4 Rb8 16. Rfd1 Be6 17. Rac1 Re8 18. h3 Qc8 19. f4 c5 20. Bf2 Nc6 21. Kh2
Rd8 22. Ne4 d5 23. cxd5 Rxd5 24. Nf6+ Bxf6 25. Bxd5 Bxh3 26. Rxc5 Be7 27. Rc4
Bg4 28. Qc2 Qf8 29. Bxc6 bxc6 30. Kg2 Re8 31. Re1 Bb4 1/2-1/2

[Event "16th 4NCL Congress"]
[Site "Coventry"]
[Date "2017.11.04"]
[Round "3"]
[Board "21"]
[White "Verma, Aditya"]
[Black "Phillips, David"]
[Result "1/2-1/2"]
[WhiteElo "2071"]
[BlackElo "1784"]
[PlyCount "49"]
[EventDate "2017.11.03"]
[EventRounds "5"]
[EventCountry "ENG"]

1. e4 Nc6 2. Nf3 d6 3. Nc3 Nf6 4. g3 Bg4 5. Bg2 e6 6. h3 Bh5 7. O-O Be7 8. d3
h6 9. Ne2 g5 10. g4 Bg6 11. Nfd4 Nxd4 12. Nxd4 Nd7 13. Ne2 e5 14. Ng3 Nf8 15.
c3 Ne6 16. Qe2 c6 17. Rd1 Bf6 18. Be3 Qc7 19. d4 O-O 20. d5 Nf4 21. Bxf4 exf4
22. Nf5 Bxf5 23. gxf5 c5 24. Qg4 Kh7 25. Qe2 1/2-1/2

[Event "16th 4NCL Congress"]
[Site "Coventry"]
[Date "2017.11.04"]
[Round "3"]
[Board "22"]
[White "French, Max"]
[Black "Modi, Kishan J"]
[Result "1-0"]
[WhiteElo "1991"]
[BlackElo "1772"]
[PlyCount "107"]
[EventDate "2017.11.03"]
[EventRounds "5"]
[EventCountry "ENG"]

1. d4 d5 2. c4 dxc4 3. e3 Nf6 4. Bxc4 e6 5. Nc3 c5 6. Nf3 a6 7. O-O Nc6 8. dxc5
Bxc5 9. Qxd8+ Nxd8 10. b3 Nc6 11. Bb2 b5 12. Nxb5 axb5 13. Bxb5 Bd7 14. Bxf6
gxf6 15. Rfc1 Bxe3 16. fxe3 Ne5 17. Bxd7+ Nxd7 18. Rc7 Nb6 19. e4 O-O 20. a4
Rfd8 21. a5 Rd3 22. b4 Rb3 23. Rac1 Rxb4 24. axb6 Rxb6 25. Rc8+ Rxc8 26. Rxc8+
Kg7 27. Kf2 Rb3 28. Rc7 h6 29. Kg3 Rb2 30. Rd7 Re2 31. Rd4 Rb2 32. Rd3 Re2 33.
Nd2 Re1 34. Kf4 Re2 35. Rg3+ Kf8 36. Nc4 Rc2 37. Ne3 Rf2+ 38. Rf3 Re2 39. Kg4
Kg7 40. Kh5 Kh7 41. Ng4 Rxg2 42. Rxf6 Kg7 43. e5 Ra2 44. Rxh6 Rg2 45. Rf6 Re2
46. Kg5 Rg2 47. h4 Ra2 48. h5 Ra7 49. Nh6 Rd7 50. Rxf7+ Kh8 51. Kf6 Rd5 52.
Rf8+ Kh7 53. Nf7 Rd8 54. Nxd8 1-0

[Event "16th 4NCL Congress"]
[Site "Coventry"]
[Date "2017.11.04"]
[Round "3"]
[Board "23"]
[White "Rahulan, Thivyaa"]
[Black "Munshi, Aditya"]
[Result "1-0"]
[WhiteElo "1737"]
[BlackElo "1986"]
[PlyCount "77"]
[EventDate "2017.11.03"]
[EventRounds "5"]
[EventCountry "ENG"]

1. e4 c6 2. c4 d5 3. cxd5 cxd5 4. exd5 Nf6 5. Qa4+ Nbd7 6. Nc3 g6 7. Bc4 Bg7 8.
Nf3 O-O 9. Qb3 a6 10. a4 b6 11. O-O Bb7 12. d4 Qc7 13. Bd2 Rac8 14. Be2 Qb8 15.
Bc4 Qc7 16. Be2 Qd6 17. Bc4 Rfd8 18. Rac1 Qb8 19. Rfe1 Bf8 20. Ne5 Qd6 21. Bf4
Nh5 22. Ne4 Qb8 23. Nxd7 Qxf4 24. Nxb6 Rb8 25. Qe3 Bh6 26. g3 Qxe3 27. fxe3 f5
28. Nc5 Bc8 29. a5 Nf6 30. d6+ Kf8 31. dxe7+ Kxe7 32. Nxa6 Bxa6 33. Bxa6 Ne4
34. b4 Nd2 35. Kg2 Ne4 36. Rc7+ Kd6 37. Rec1 Ke6 38. R1c6+ Nd6 39. Bc4+ 1-0

[Event "16th 4NCL Congress"]
[Site "Coventry"]
[Date "2017.11.04"]
[Round "3"]
[Board "24"]
[White "Camp, Imogen Al"]
[Black "Bates, Richard A"]
[Result "0-1"]
[WhiteElo "1855"]
[BlackElo "2397"]
[PlyCount "66"]
[EventDate "2017.11.03"]
[EventRounds "5"]
[EventCountry "ENG"]

1. d4 Nf6 2. Nf3 e6 3. Bf4 d5 4. e3 c5 5. c3 Nc6 6. Bd3 Qb6 7. Qc2 Bd7 8. Nbd2
Nh5 9. Bg3 Rc8 10. Rc1 cxd4 11. exd4 Nb4 12. Qb1 Nxd3+ 13. Qxd3 Qxb2 14. O-O
Be7 15. Rb1 Qxc3 16. Qxc3 Rxc3 17. Rxb7 Nxg3 18. fxg3 a6 19. Ne5 Bc8 20. Rb2 f6
21. Nef3 Bd6 22. Re1 O-O 23. Nb3 Ba3 24. Rbe2 Bd7 25. Nfd2 Bb4 26. Nb1 Rc7 27.
Rd1 Rfc8 28. a3 Bd6 29. Rb2 Rb8 30. N1d2 Ba4 31. Re1 Kf7 32. Reb1 Rcb7 33. g4
Bf4 0-1

[Event "16th 4NCL Congress"]
[Site "Coventry"]
[Date "2017.11.04"]
[Round "3"]
[Board "25"]
[White "Metcalfe, Charlie P"]
[Black "Coleman, David J"]
[Result "0-1"]
[WhiteElo "1790"]
[BlackElo "2093"]
[PlyCount "45"]
[EventDate "2017.11.03"]
[EventRounds "5"]
[EventCountry "ENG"]

1. d4 Nf6 2. Nf3 g6 3. c4 Bg7 4. Nc3 O-O 5. e4 d6 6. Be2 e5 7. Be3 Na6 8. O-O
h6 9. dxe5 dxe5 10. Nxe5 Qe7 11. f4 c6 12. Bf3 g5 13. Nd3 g4 14. Be2 Nxe4 15.
Bd2 Nac5 16. Nxe4 Nxe4 17. Bb4 Bd4+ 18. Kh1 Qh4 19. Nf2 Bxf2 20. Rxf2 g3 21. h3
Nxf2+ 22. Kg1 Nxd1 23. Bxf8 0-1

[Event "16th 4NCL Congress"]
[Site "Coventry"]
[Date "2017.11.04"]
[Round "3"]
[Board "26"]
[White "Koehn, Lennart"]
[Black "Jukes, Sam"]
[Result "1-0"]
[WhiteElo "2069"]
[BlackElo "1745"]
[PlyCount "107"]
[EventDate "2017.11.03"]
[EventRounds "5"]
[EventCountry "ENG"]

1. e4 e5 2. Bc4 Nc6 3. Nc3 Bc5 4. d3 d6 5. Na4 Bb6 6. Nxb6 axb6 7. c3 Nf6 8. f4
exf4 9. Bxf4 Be6 10. Bxe6 fxe6 11. Nf3 e5 12. Bg5 O-O 13. O-O Qe8 14. Nh4 Qe6
15. Qb3 Qxb3 16. axb3 Nd7 17. Rxf8+ Rxf8 18. b4 b5 19. Be3 g6 20. Nf3 Kg7 21.
Ng5 Re8 22. Kf2 h6 23. Nf3 Nf6 24. Ke2 d5 25. Nd2 d4 26. Bf2 Rd8 27. Nb3 b6 28.
Rc1 Rd7 29. Ra1 Nh7 30. Ra8 Nf8 31. Nd2 Ne6 32. g3 g5 33. h3 Ncd8 34. Nf3 Kf6
35. Ra6 Nf7 36. Ra8 Nfd8 37. Nd2 Nf7 38. Nb1 Nd6 39. Na3 Kf7 40. Nc2 Ne8 41.
Ne1 N8g7 42. Nf3 Kf6 43. Rh8 dxc3 44. Rxh6+ Ke7 45. bxc3 c5 46. Nxe5 Rc7 47.
bxc5 bxc5 48. Rh8 Kd6 49. Nf3 b4 50. cxb4 cxb4 51. Rb8 Rc2+ 52. Ke3 Rb2 53. Be1
Kc5 54. d4+ 1-0

[Event "16th 4NCL Congress"]
[Site "Coventry"]
[Date "2017.11.05"]
[Round "4"]
[Board "1"]
[White "Tan, Justin Hy"]
[Black "Merry, Alan B"]
[Result "0-1"]
[WhiteElo "2453"]
[BlackElo "2422"]
[PlyCount "110"]
[EventDate "2017.11.03"]
[EventRounds "5"]
[EventCountry "ENG"]

1. e4 e6 2. d4 d5 3. Nc3 Nf6 4. e5 Nfd7 5. f4 c5 6. Nf3 Nc6 7. Be3 Be7 8. Qd2
b6 9. Bb5 Bb7 10. O-O-O a6 11. Bxc6 Bxc6 12. f5 exf5 13. dxc5 bxc5 14. Nxd5 O-O
15. Qd3 Bxd5 16. Qxd5 Nb6 17. Qb7 Rb8 18. Qa7 Ra8 19. Rxd8 Rxa7 20. Rxf8+ Kxf8
21. b3 Nd5 22. Bd2 Rd7 23. c4 Nc7 24. Kc2 Ne6 25. Be3 f4 26. Bf2 g5 27. Ne1 h5
28. Nd3 Kg7 29. Rd1 Rc7 30. Nb2 Kg6 31. Rd5 Kf5 32. Na4 g4 33. Nc3 h4 34. Bg1
Bf8 35. Kd3 f3 36. g3 hxg3 37. hxg3 Rc8 38. Ne4 Nc7 39. Rd7 Ke6 40. Nf6 Ne8 41.
Ra7 Nxf6 42. exf6 Rc6 43. Ke4 Bh6 44. Re7+ Kxf6 45. Re5 Rd6 46. Bxc5 Rd2 47.
Rh5 Kg6 48. Rh1 f5+ 49. Ke5 Bg7+ 50. Ke6 Re2+ 51. Kd7 Be5 52. Bd6 Rd2 53. c5
Bxg3 54. Ke7 Bxd6+ 55. cxd6 f2 0-1

[Event "16th 4NCL Congress"]
[Site "Coventry"]
[Date "2017.11.05"]
[Round "4"]
[Board "2"]
[White "Turner, Matthew J"]
[Black "Mcphillips, Joseph"]
[Result "1/2-1/2"]
[WhiteElo "2545"]
[BlackElo "2401"]
[PlyCount "76"]
[EventDate "2017.11.03"]
[EventRounds "5"]
[EventCountry "ENG"]

1. Nf3 Nf6 2. g3 d5 3. Bg2 e6 4. O-O Be7 5. d4 O-O 6. c4 dxc4 7. Qc2 a6 8. Qxc4
b5 9. Qc2 Bb7 10. Bf4 Nc6 11. Nc3 Nb4 12. Qb1 c5 13. dxc5 Bxc5 14. Be5 Ng4 15.
a3 Nxe5 16. Nxe5 Bxg2 17. Kxg2 Nd5 18. Ne4 Bd6 19. Nf3 Be7 20. Rc1 Bf6 21. a4
bxa4 22. Rxa4 Rb8 23. Rc2 Rb6 24. Qc1 Qa8 25. Nc5 Rc8 26. Nd3 Rxc2 27. Qxc2 Rc6
28. Rc4 Rxc4 29. Qxc4 h6 30. b3 a5 31. Nf4 Nxf4+ 32. gxf4 Qd8 33. Qb5 Bc3 34.
e3 Qa8 35. Kg3 Qd8 36. h3 Qa8 37. Qc4 Bf6 38. Nd2 Bh4+ 1/2-1/2